| 000 | 00429nam a2200145Ia 4500 | ||
|---|---|---|---|
| 008 | 211109s9999||||xx |||||||||||||| ||und|| | ||
| 082 |
_a894.81209 _bBAR-A |
||
| 100 | _aBaruva, Birinchikumar | ||
| 245 | 0 | _aAssamiya Sahithya Charithram | |
| 260 |
_bSAHITHYA PRVARTHAKA SANGHAM _aKottayam _c1972 |
||
| 300 | _a308p. | ||
| 630 | _xGENERAL STACK | ||
| 650 |
_a Criticism _vMalayalam Literature _x LiteratureGeneralia |
||
| 942 | _cBOOK | ||
| 999 |
_c58791 _d58791 |
||